| 000 | 00802cab a2200265 4500 | ||
|---|---|---|---|
| 001 | ABS49605 | ||
| 008 | 090401t1993 xxu||||| |||| 00| 0 eng d | ||
| 035 | _a(Sirsi) u71921 | ||
| 041 | _aeng | ||
| 100 | _aHarding, C | ||
| 245 | _aNo point in hanging on to ill-conceived ideas | ||
| 260 | _c1993 | ||
| 350 | _a0 | ||
| 490 |
_aBuilding _v258(7820) 19 November 1993, 27(1) |
||
| 520 | _aCriticism of the JCT Intermediate Form of Contract. | ||
| 650 | _aBUILT ENVIRONMENT-BUILDING CONTRACT FORMS | ||
| 650 | _aJCT INTERMEDIATE FORM OF BUILDING CONTRACT (1984 EDITION) | ||
| 650 | _aJCT INTERMEDIATE FORMS OF CONTRACT | ||
| 650 | _aNAMING | ||
| 650 | _aPREDESIGN | ||
| 650 | _aSUBCONTRACTORS | ||
| 690 | _aBUILT ENVIRONMENT-BUILDING CONTRACT FORMS | ||
| 942 | _n0 | ||
| 948 | _c04/03/1997 | ||
| 999 |
_c45364 _d45364 |
||